00910nam a2200181 a 450000100060000000300090000600800410001502000150005604000280007108200170009910000210011624501380013726000370027530000060031250003590031865000250067765000260070214048CO-ViMGA141112s2004 ck r 000 u spa d a8448113365 aCO-ViMGAbspacCO-ViMGA04a624.182 M1721 aMarco G. Jaime, 10aFundamentos para el calculo y diseño de estructuras metalicas de acero laminado : bcomportamiento del material y esfuerzos basicos aMadrid : bMcgraw - Hill, c1998 a3 aV.1 : Construccion metalica. El acero estructural y sus propiedades. Rotura Fragil del acero. V.2 : Caracteristicas mecanicas, termicas y calculo de secciones. piezas de directriz recta sometidas a traduccion. Piezas de directriz recta sometida a compresion. V.3 : Diseño y Calculo de elementos a flexion. Placas de anclaje. El V.3. Incluye disquete. 14aESTRUCTURAS DE ACERO14aESTRUCTURAS METALICAS